Statistics for Italy Current Squad

Click here to take the quiz!

General Stats

  • This quiz has been taken 43 times
    (17 since last reset)
  • The average score is 18 of 29

Answer Stats

RoleClubPlayer Name% Correct
GoalkeeperParis Saint-GermainGianluigi Donnarumma
100%
GoalkeeperTottenham HotspurGuglielmo Vicario
88%
MidfielderArsenalJorginho
88%
DefenderInternazionaleFederico Dimarco
81%
MidfielderInternazionaleNicolò Barella
81%
ForwardJuventusFederico Chiesa
75%
DefenderNapoliGiovanni Di Lorenzo
75%
MidfielderAS RomaBryan Cristante
69%
DefenderInternazionaleFrancesco Acerbi
69%
ForwardNapoliGiacomo Raspadori
69%
DefenderAS RomaGianluca Mancini
69%
DefenderInternazionaleMatteo Darmian
69%
ForwardSassuoloDomenico Berardi
63%
DefenderJuventusFederico Gatti
63%
ForwardAtalantaGianluca Scamacca
63%
ForwardNapoliMatteo Politano
63%
MidfielderAston VillaNicolò Zaniolo
63%
ForwardAS RomaStephan El Shaarawy
63%
GoalkeeperLazioIvan Provedel
56%
DefenderTorinoAlessandro Buongiorno
50%
DefenderFiorentinaCristiano Biraghi
50%
MidfielderInternazionaleDavide Frattesi
50%
MidfielderFiorentinaGiacomo Bonaventura
50%
ForwardJuventusMoise Kean
50%
Coach-Luciano Spalletti
44%
DefenderJuventusAndrea Cambiaso
38%
GoalkeeperAtalantaMarco Carnesecchi
38%
MidfielderAC MonzaAndrea Colpani
31%
MidfielderLazioManuel Lazzari
31%

Score Distribution

Percentile by Number Answered

Percent of People with Each Score

Your Score History

You have not taken this quiz since the last reset